000 00255nam a22001217a 4500
008 180924b xxu||||| |||| 00| 0 eng d
041 _aeng
080 _a591
100 _a7
101 _aZOO
245 _aThe Meat We Eat
_cRomans, J.R
942 _2udc
_cBK
999 _c48385
_d48385